Psychology of religion (Record no. 15289)

MARC details
000 -LEADER
fixed length control field 00499nam a2200157Ia 4500
008 - FIXED-LENGTH DATA ELEMENTS--GENERAL INFORMATION
fixed length control field 081213s9999 xx 000 0 und d
050 ## - LIBRARY OF CONGRESS CALL NUMBER
Classification number BL
Item number .J65 1945
100 ## - MAIN ENTRY--PERSONAL NAME
Personal name Johnson,Paul E.
245 ## - TITLE STATEMENT
Title Psychology of religion
250 ## - EDITION STATEMENT
Edition statement Revised and enlarged
260 ## - PUBLICATION, DISTRIBUTION, ETC. (IMPRINT)
Date of publication, distribution, etc 1959
Place of publication, distribution, etc New York
Name of publisher, distributor, etc Bingdon Press
300 ## - PHYSICAL DESCRIPTION
Extent 304 p.
Dimensions 22 cm.
650 ## - SUBJECT ADDED ENTRY--TOPICAL TERM
Topical term or geographic name as entry element Psychology, Religion
942 ## - ADDED ENTRY ELEMENTS (KOHA)
Item type Book
Source of classification or shelving scheme Library of Congress Classification
Holdings
Withdrawn status Lost status Source of classification or shelving scheme Damaged status Not for loan Collection code Home library Current library Shelving location Date acquired Full call number Barcode Price effective from Koha item type Public note
Withdrawn   Library of Congress Classification     Non-fiction Bishop Okullu Memorial Library (Limuru Campus) Bishop Okullu Memorial Library (Limuru Campus) General Circulation 12/10/2009 BL .J65 1945 011926 12/10/2009 Book Last Borrowed : 2000